<?xml version="1.0" encoding="UTF-8"?>
<record
    xmlns:xsi="http://www.w3.org/2001/XMLSchema-instance"
    xsi:schemaLocation="http://www.loc.gov/MARC21/slim http://www.loc.gov/standards/marcxml/schema/MARC21slim.xsd"
    xmlns="http://www.loc.gov/MARC21/slim">

  <leader>00653nam a2200145Ia 4500</leader>
  <controlfield tag="001">1379</controlfield>
  <controlfield tag="008">241024s9999    xx            000 0 und d</controlfield>
  <datafield tag="082" ind1=" " ind2=" ">
    <subfield code="a">RD/370.71/R426s/1998</subfield>
  </datafield>
  <datafield tag="100" ind1=" " ind2=" ">
    <subfield code="a">Rep&#xFA;blica Dominicana.Secretar&#xED;a de Estado de Educaci&#xF3;n y Cultura</subfield>
  </datafield>
  <datafield tag="245" ind1=" " ind2="0">
    <subfield code="a">Sistema Nacional de Formaci&#xF3;n de Personal Docente, T&#xE9;cnico y Administrativo del Sector Educativo titulo a otorgar Profesorado en Educaci&#xF3;n Inicial". (Aprobado por el Consejo Nacional de Educaci&#xF3;n, en sus sesi&#xF3;n de fecha 18 de diciembre de 1997). mediante la ordenanza 5'97</subfield>
  </datafield>
  <datafield tag="260" ind1=" " ind2=" ">
    <subfield code="b">Santo Domingo</subfield>
    <subfield code="c">1998</subfield>
  </datafield>
  <datafield tag="590" ind1=" " ind2=" ">
    <subfield code="a">si</subfield>
  </datafield>
  <datafield tag="901" ind1=" " ind2=" ">
    <subfield code="a">29/3/2011 3:04:04 p.m.</subfield>
  </datafield>
  <datafield tag="999" ind1=" " ind2=" ">
    <subfield code="c">9197</subfield>
    <subfield code="d">9197</subfield>
  </datafield>
</record>
